000 00717cam a2200217 4500
001 177
005 20181127160723.0
008 060209s2007 maua b 001 0 eng
010 _a2006042045
020 _a0073100919 (alk. paper)
100 1 _aAnthony, Robert N.
_q(Robert Newton),
_d1916-2006.
245 1 0 _aAccounting :
_btext and cases /
_cRobert N. Anthony, David F. Hawkins, Kenneth A. Merchant.
250 _a12th ed.
260 _aNew Delhi :
_bTata McGraw-Hill,
_c2008.
300 _axxvi, 933 p. :
_bill. ;
_c27 cm.
504 _aIncludes bibliographical references and indexes.
650 0 _aAccounting
_vCase studies.
650 0 _aAccounting.
700 1 _aHawkins, David F.
700 1 _aMerchant, Kenneth A.
999 _c159
_d159